Normal view
MARC view
Entry Topical Term
001 - CONTROL NUMBER
- control field: 22778
003 - CONTROL NUMBER IDENTIFIER
- control field: OSt
005 - DATE AND TIME OF LATEST TRANSACTION
- control field: 20151226124355.0
008 - FIXED-LENGTH DATA ELEMENTS
- fixed length control field: 151226|| aca||aabn | a|a d
040 ## - CATALOGING SOURCE
- Original cataloging agency: OSt
- Transcribing agency: OSt
150 ## - HEADING--TOPICAL TERM
- Topical term or geographic name entry element: Children
670 ## - SOURCE DATA FOUND
- Source citation: Work cat.: (OSt): Namjoshi Suniti 22777, Monkeyji & The Word Eater, 2009









